000 00877nac a22002417a 4500
001 BR9103293
003 BR-BrBNA
005 20240105121216.0
008 230509b bl.|||m| |||| 00| 0 por d
040 _aBR-BrBNA
_bpor
_cBiblioteca Nacional de Agricultura
072 _aE20; E40
090 _aE20 BR9103293
100 1 _aMagalhaes, M.H. de
110 1 _aSecretaria da Agricultura, Sao Paulo, SP (Brasil). Depto. de Assistencia ao Cooperativismo
_98512
245 1 _aDa contabilidade geral a contabilidade da cooperativa
260 3 _aSao Paulo, SP (Brasil):
_c1968.
300 _a23 p.
490 _aSerie Contabilidade - Secretaria de Estado dos Negocios da Agricultura. Depto. de Assistencia ao Cooperativismo (Brazil)
_vno. 203
_x
650 _aCOOPERATIVA
650 _aCONTABILIDADE
909 _a202312
_bLúcia Elande
_c55
_dLúcia Elande
942 _2AGRIS
_n0
_cMS
999 _c283951
_d283951